000 00396nam a2200145Ia 4500
008 240624s9999 xx 000 0 und d
041 _aeng
082 _a158.1 MCC
100 _aMCCORMICK ELIZABETH WILDE
245 _aCHANGE FOR THE BETTER SELF HELP THROUGH
250 _a(3rd ed.)
260 _c2008
_aNew Delhi
_bSage Publications
300 _axii, : 267 : p. : cm. ; 23
365 _cBPS
_b30
999 _c12929
_d12929